<?xml version="1.0" encoding="UTF-8"?><?xml-stylesheet type="text/xsl" href="static/style.xsl"?><OAI-PMH xmlns="http://www.openarchives.org/OAI/2.0/" xmlns:xsi="http://www.w3.org/2001/XMLSchema-instance" xsi:schemaLocation="http://www.openarchives.org/OAI/2.0/ http://www.openarchives.org/OAI/2.0/OAI-PMH.xsd"><responseDate>2026-04-27T07:54:47Z</responseDate><request verb="GetRecord" identifier="oai:repisalud.isciii.es:20.500.12105/18795" metadataPrefix="marc">https://repisalud.isciii.es/rest/oai/request</request><GetRecord><record><header><identifier>oai:repisalud.isciii.es:20.500.12105/18795</identifier><datestamp>2024-09-21T18:21:27Z</datestamp><setSpec>com_20.500.12105_15322</setSpec><setSpec>com_20.500.12105_2051</setSpec><setSpec>col_20.500.12105_16927</setSpec></header><metadata><record xmlns="http://www.loc.gov/MARC21/slim" xmlns:dcterms="http://purl.org/dc/terms/" xmlns:doc="http://www.lyncode.com/xoai" xmlns:xsi="http://www.w3.org/2001/XMLSchema-instance" xsi:schemaLocation="http://www.loc.gov/MARC21/slim http://www.loc.gov/standards/marcxml/schema/MARC21slim.xsd">
   <leader>00925njm 22002777a 4500</leader>
   <datafield ind2=" " ind1=" " tag="042">
      <subfield code="a">dc</subfield>
   </datafield>
   <datafield ind2=" " ind1=" " tag="720">
      <subfield code="a">Hurtado-Santiago, Silvia</subfield>
      <subfield code="e">author</subfield>
   </datafield>
   <datafield ind2=" " ind1=" " tag="720">
      <subfield code="a">Guzmán-Parra, José</subfield>
      <subfield code="e">author</subfield>
   </datafield>
   <datafield ind2=" " ind1=" " tag="720">
      <subfield code="a">Mayoral, Fermín</subfield>
      <subfield code="e">author</subfield>
   </datafield>
   <datafield ind2=" " ind1=" " tag="720">
      <subfield code="a">Bersabé, Rosa M</subfield>
      <subfield code="e">author</subfield>
   </datafield>
   <datafield ind2=" " ind1=" " tag="260">
      <subfield code="c">2022-03-29</subfield>
   </datafield>
   <datafield ind2=" " ind1=" " tag="520">
      <subfield code="a">Iconic therapy (IT) is a new therapy that uses images to teach skills with the aim of improving the symptoms of borderline personality disorder. Preliminary results are promising, and there is indication that IT may be effective. The purpose of this preliminary study was to test the effectiveness of IT compared to a psychological supportive intervention (SI). The study was carried out at the University Regional Hospital of Malaga. Young patients (N = 40; 15-30 years) with suicidal or parasuicidal behavior and borderline personality traits were randomized into IT (N = 20) or SI (N = 20). The main outcome variable was a change in the symptoms of borderline personality disorder (BSL-23) at the end of treatment. The secondary outcome variables were suicidal ideation and behavior, self-harm, the need for medication, the number of visits to mental health professionals, maladaptive behavior, satisfaction with therapy and perceived improvement, both at the end of the intensive treatment and at the 12-month follow-up. As expected, the two therapies produced a reduction in BPD symptoms at 10 weeks post-treatment and at the 12-month follow-up. Contrary to expectation, there were no statistically significant differences in the effectiveness of the two therapies (p > 0.05). However, at the 12-month follow-up, the effect sizes for the difference between the effectiveness of the two therapy groups on BSL-23 scores (d = 0.33) and on maladjustment to daily life (d = 0.39) was found to exceed the commonly used convention for a small effect (d = 0.20). Besides, participants in the IT group showed greater satisfaction with therapy than those who received SI. The mean difference between groups was statistically significant after the 10-week treatment period (p  0.05). However, at the 12-month follow-up, the effect sizes for the difference between the effectiveness of the two therapy groups on BSL-23 scores (d = 0.33) and on maladjustment to daily life (d = 0.39) was found to exceed the commonly used convention for a small effect (d = 0.20). Besides, participants in the IT group showed greater satisfaction with therapy than those who received SI. The mean difference between groups was statistically significant after the 10-week treatment period (p  .05), although the effect size for this analysis (d = 0.34) was found to exceed a small effect. This preliminary study did not find a statistically significant difference in the effectiveness of the two therapies, probably due to the small sample of participants, but there are some indicators (effect sizes) suggesting that perhaps IT may be superior for reducing BPD symptoms and maladjustment in daily life. Future studies with larger samples and comparisons with established treatments for borderline personality disorder are necessary to confirm that IT effects are significant and persistent in the long term. ClinicalTrials.gov identifier: NCT03011190 . First posted 05/01/2017. Last update posted 15/05/2018.</subfield>
   </datafield>
   <datafield ind1="8" ind2=" " tag="024">
      <subfield code="a">http://hdl.handle.net/10668/20290</subfield>
   </datafield>
   <datafield ind1="8" ind2=" " tag="024">
      <subfield code="a">http://hdl.handle.net/20.500.12105/18795</subfield>
   </datafield>
   <datafield ind1="8" ind2=" " tag="024">
      <subfield code="a">35351048</subfield>
   </datafield>
   <datafield ind1="8" ind2=" " tag="024">
      <subfield code="a">10.1186/s12888-022-03862-x</subfield>
   </datafield>
   <datafield ind1="8" ind2=" " tag="024">
      <subfield code="a">1471-244X</subfield>
   </datafield>
   <datafield ind1="8" ind2=" " tag="024">
      <subfield code="a">BMC psychiatry</subfield>
   </datafield>
   <datafield tag="653" ind2=" " ind1=" ">
      <subfield code="a">Borderline personality disorder</subfield>
   </datafield>
   <datafield tag="653" ind2=" " ind1=" ">
      <subfield code="a">Clinical trial</subfield>
   </datafield>
   <datafield tag="653" ind2=" " ind1=" ">
      <subfield code="a">Iconic therapy</subfield>
   </datafield>
   <datafield tag="653" ind2=" " ind1=" ">
      <subfield code="a">Psychological therapy</subfield>
   </datafield>
   <datafield tag="653" ind2=" " ind1=" ">
      <subfield code="a">Suicide</subfield>
   </datafield>
   <datafield ind2="0" ind1="0" tag="245">
      <subfield code="a">Iconic Therapy for the reduction of borderline personality disorder symptoms among suicidal youth: a preliminary study.</subfield>
   </datafield>
</record></metadata></record></GetRecord></OAI-PMH>